000 02195cam a22003611 4500
001 gs 12000312
003 DLC
005 20260227111313.0
008 740702s1912 onc 000 0 eng
010 _ags 12000312
035 _a(OCoLC)933958
040 _aDLC
_cNhD
_dOCoLC
_dDLC
042 _apremarc
050 0 0 _aTP326.C2
_bP7
100 1 _aPorter, J. B.
_q(John Bonsall),
_d1861-1944.
245 1 3 _aAn investigation of the coals of Canada
_bwith reference to their economic qualities:
_cas conducted at McGill university, Montreal, under the authority of the dominion government...by J.B. Porter...and R.J. Durley...assisted by Théophile C. Denis...Edgar Stansfield...and a staff of special assistants.
260 _aOttawa,
_bGovernment printing bureau,
_c1912-15.
300 _a7 v.
_bplates (part fold.) fold. maps, plans (part fold.) fold. tables. diagrs. (part fold.)
_c26 cm.
490 0 _aCanada. Dept. of mines. Mines branch. [Report no. 83]
500 _aVol. 7 is extra volume supplementing report no. 83.
504 _aBibliography: [v. 7] p. 184-188.
505 0 _av. 1. [Coal washing and coking tests]-v. 2. [Boiler and gas producer tests]-v. 3 Appendix I. Detailed results of the coal washing trials, by J.B. Porter.-v. 4. Appendix II. Detailed results of the boiler trials, by R.J. Durley.-v. 5 Appendix III. Detailed results of the gas producer trials, by R.J. Durley.-v. 6. Appendix IV. Manufacture and testing of coke, by E. Stansfield and J.B. Porter. Appendix V. Work of the Chemical laboratory, by E. Stansfield.-[v. 7] Weathering of coal, by J. B. Porter...assisted by S.L. Brunton...J.B. De Hart...E.E. Billington...A.E. Cameron...and E. Stansfield.
650 0 _aCoal
_zCanada.
700 1 _aDurley, R. J.
_q(Richard John),
_d1868-
700 1 _aStansfield, Edgar,
_d1878-
700 1 _aDenis, Théophile C.
_q(Théophile Constant),
_d1872-1955.
700 1 _aBrunton, S. L.
_q(Stopford Lauder),
_d1884-1943.
700 1 _aDe Hart, J. B.
_q(Joseph Bertram),
_d1890-
700 1 _aBillington, E. E.
_q(Edward Eric),
_d1889-
700 1 _aCameron, Alan E.
_q(Alan Emerson),
_d1890-1977.
710 1 _aCanada.
_bMines Branch.
710 2 _aMcGill University.
999 _c25145
_d25145